|
|
|
|
| LEADER |
00000cam a2200000 i 4500 |
| 001 |
1/5949 |
| 008 |
100322s2003 gr | ||| |||| ||gre|| |
| 020 |
|
|
|a 9604900560
|
| 035 |
|
|
|l 10107342
|
| 040 |
|
|
|a GR-MyUa
|b gre
|e AACR2
|
| 041 |
1 |
|
|a gre
|h eng
|
| 082 |
7 |
|
|a 813.54
|2 (23)
|
| 100 |
1 |
|
|a Eugenides, Jeffrey.
|
| 245 |
1 |
0 |
|a Middlesex :
|b ανάμεσα στα δύο φύλα /
|c Τζέφρυ Ευγενίδης ; μετάφραση: Άννα Παπασταύρου.
|
| 250 |
|
|
|a 3η έκδ.
|
| 260 |
|
|
|a Αθήνα :
|b Libro,
|c 2003.
|
| 300 |
|
|
|a 751 σ. ;
|c 24 εκ.
|
| 500 |
|
|
|a Τίτλος πρωτοτύπου: Middlesex.
|
| 650 |
|
0 |
|a Gender identity
|z Fiction.
|
| 650 |
|
0 |
|a Teenagers
|x Fiction.
|
| 650 |
|
0 |
|a Mutation (Biology)
|x Fiction.
|
| 650 |
|
0 |
|a Intersexuality
|x Fiction.
|
| 650 |
|
0 |
|a American fiction
|y 20th century.
|
| 700 |
1 |
|
|a Παπασταύρου, Άννα,
|e trlf
|
| 852 |
|
|
|a INST
|b RHODES
|e 20100322
|h 813.54 EUG
|p 005400032582
|q 005400032582
|t BK
|y 0
|
| 901 |
|
|
|a BIBL4-2010-1
|
| 970 |
|
|
|a Κόζα
|b Μαρία
|z 2010/03/22
|